<?xml version="1.0" encoding="UTF-8"?>
<resp>
  <nextPage>https://data.bn.org.pl/api/networks/bibs.marcxml?marc=001+b1000002726367&amp;sinceId=1000002726368</nextPage>
  <collection>
    <record xmlns='http://www.loc.gov/MARC21/slim'><leader>02184nam a2200649 i 4500</leader><controlfield tag='001'>b1000002726367</controlfield><controlfield tag='005'>20260203082509.9</controlfield><controlfield tag='008'>221210s2017    xxk          |001 0 eng c</controlfield><controlfield tag='009'>9913134384505606</controlfield><datafield ind1=' ' ind2=' ' tag='020'><subfield code='a'>9781138022881</subfield><subfield code='q'>(oprawa twarda)</subfield></datafield><datafield ind1=' ' ind2=' ' tag='020'><subfield code='z'>9781138022898</subfield><subfield code='q'>(pbk)</subfield></datafield><datafield ind1=' ' ind2=' ' tag='020'><subfield code='z'>9781315776811</subfield><subfield code='q'>(ebk)</subfield></datafield><datafield ind1=' ' ind2=' ' tag='035'><subfield code='a'>(PL)b1000002726367</subfield></datafield><datafield ind1=' ' ind2=' ' tag='040'><subfield code='c'>TOR U</subfield><subfield code='a'>TOR U</subfield><subfield code='d'>TOR U</subfield><subfield code='d'>WA N</subfield></datafield><datafield ind1=' ' ind2=' ' tag='044'><subfield code='a'>xxk</subfield><subfield code='a'>xxu</subfield></datafield><datafield ind1=' ' ind2=' ' tag='046'><subfield code='k'>2009</subfield></datafield><datafield ind1='1' ind2=' ' tag='100'><subfield code='a'>Weeks, Jeffrey</subfield><subfield code='d'>(1945- )</subfield><subfield code='e'>Autor</subfield></datafield><datafield ind1='1' ind2='0' tag='245'><subfield code='a'>Sexuality /</subfield><subfield code='c'>Jeffrey Weeks.</subfield></datafield><datafield ind1=' ' ind2=' ' tag='250'><subfield code='a'>Fourth edition.</subfield></datafield><datafield ind1=' ' ind2=' ' tag='260'><subfield code='a'>London ;</subfield><subfield code='a'>New York :</subfield><subfield code='b'>Routledge Taylor &amp; Francis Group,</subfield><subfield code='c'>© 2017.</subfield></datafield><datafield ind1=' ' ind2=' ' tag='300'><subfield code='a'>XXII, 281 stron ;</subfield><subfield code='c'>21 cm.</subfield></datafield><datafield ind1=' ' ind2=' ' tag='336'><subfield code='a'>Tekst</subfield><subfield code='b'>txt</subfield><subfield code='2'>rdacontent</subfield></datafield><datafield ind1=' ' ind2=' ' tag='337'><subfield code='a'>Bez urządzenia pośredniczącego</subfield><subfield code='b'>n</subfield><subfield code='2'>rdamedia</subfield></datafield><datafield ind1=' ' ind2=' ' tag='338'><subfield code='a'>Wolumin</subfield><subfield code='b'>nc</subfield><subfield code='2'>rdacarrier</subfield></datafield><datafield ind1=' ' ind2=' ' tag='380'><subfield code='a'>Książki</subfield></datafield><datafield ind1=' ' ind2=' ' tag='380'><subfield code='a'>Publikacje naukowe</subfield></datafield><datafield ind1='1' ind2=' ' tag='388'><subfield code='a'>2001-</subfield></datafield><datafield ind1='1' ind2=' ' tag='490'><subfield code='a'>Key ideas</subfield></datafield><datafield ind1=' ' ind2=' ' tag='504'><subfield code='a'>Bibliografia na stronach 253-274. Indeks.</subfield></datafield><datafield ind1=' ' ind2='7' tag='650'><subfield code='a'>Orientacje seksualne</subfield><subfield code='2'>DBn</subfield></datafield><datafield ind1=' ' ind2='7' tag='650'><subfield code='a'>Płeć</subfield><subfield code='2'>DBN</subfield></datafield><datafield ind1=' ' ind2='7' tag='650'><subfield code='a'>Seksualność</subfield><subfield code='2'>DBN</subfield></datafield><datafield ind1=' ' ind2='7' tag='655'><subfield code='a'>Opracowanie</subfield><subfield code='2'>DBN</subfield></datafield><datafield ind1=' ' ind2=' ' tag='658'><subfield code='a'>Socjologia i społeczeństwo</subfield></datafield><datafield ind1=' ' ind2=' ' tag='658'><subfield code='a'>Psychologia</subfield></datafield><datafield ind1='2' ind2=' ' tag='710'><subfield code='a'>Routledge Taylor &amp; Francis Group</subfield><subfield code='e'>Wydawca</subfield><subfield code='4'>pbl</subfield></datafield><datafield ind1=' ' ind2='0' tag='830'><subfield code='a'>Key ideas</subfield></datafield><datafield ind1=' ' ind2=' ' tag='852'><subfield code='8'>22426390950006926</subfield><subfield code='j'>1</subfield><subfield code='h'>MG_bg</subfield><subfield code='b'>TORU</subfield><subfield code='p'>300052510214</subfield><subfield code='c'>MG_bg</subfield></datafield><datafield ind1=' ' ind2=' ' tag='852'><subfield code='b'>48OMNIS_NETWORK</subfield><subfield code='8'>9913134384505606</subfield></datafield><datafield ind1=' ' ind2=' ' tag='852'><subfield code='8'>221046560970008831</subfield><subfield code='j'>1</subfield><subfield code='b'>3400-SNS</subfield><subfield code='p'>1079020179</subfield><subfield code='c'>610000</subfield><subfield code='z'> ## rok wyd. : 2017.</subfield></datafield><datafield ind1=' ' ind2=' ' tag='852'><subfield code='b'>48OMNIS_UMKWT</subfield><subfield code='8'>991017066133806926</subfield></datafield><datafield ind1=' ' ind2=' ' tag='852'><subfield code='8'>221046560950008831</subfield><subfield code='j'>1</subfield><subfield code='b'>2900-WHI</subfield><subfield code='p'>1076122268</subfield><subfield code='c'>300000</subfield><subfield code='z'>## rok wyd. : 2017.</subfield></datafield><datafield ind1=' ' ind2=' ' tag='852'><subfield code='b'>48OMNIS_UOW</subfield><subfield code='8'>991018173809708831</subfield></datafield><datafield ind1=' ' ind2=' ' tag='920'><subfield code='z'>978-1-315-77681-1 (ebk)</subfield></datafield><datafield ind1=' ' ind2=' ' tag='920'><subfield code='a'>978-1-138-02288-1 (oprawa twarda)</subfield></datafield><datafield ind1=' ' ind2=' ' tag='920'><subfield code='z'>978-1-138-02289-8 (pbk)</subfield></datafield></record>
  </collection>
</resp>
